Development, Validation And Acceptability of Modules On Robert Frost's Works/ (Record no. 11221)

MARC details
000 -LEADER
fixed length control field 01057nam a22002177i 4500
003 - CONTROL NUMBER IDENTIFIER
control field URS
005 - DATE AND TIME OF LATEST TRANSACTION
control field 20250318225056.0
008 - FIXED-LENGTH DATA ELEMENTS--GENERAL INFORMATION
fixed length control field 200227b ||||| |||| 00| 0 eng d
040 ## - CATALOGING SOURCE
Transcribing agency URS
050 00 - LIBRARY OF CONGRESS CALL NUMBER
Classification number LG 221.R59
Item number .B4767 2013
100 ## - MAIN ENTRY--PERSONAL NAME
Personal name Bien, Angelo P.
Relator term Researcher
245 10 - TITLE STATEMENT
Title Development, Validation And Acceptability of Modules On Robert Frost's Works/
Statement of responsibility, etc. Bien, Angelo P.
260 ## - PUBLICATION, DISTRIBUTION, ETC.
Date of publication, distribution, etc. 2013
300 ## - PHYSICAL DESCRIPTION
Extent x, 75 leaves,
Other physical details illustrations,
Dimensions 28 cm.
336 ## - CONTENT TYPE
Source rdacontent
Content type term text
337 ## - MEDIA TYPE
Source rdamedia
Media type term unmediated
338 ## - CARRIER TYPE
Source rdacarrier
Carrier type term volume
520 ## - SUMMARY, ETC.
Summary, etc. This Study aimed to Develop, Validate and determine The level of acceptability of modules on Robert Works, Which will Serve as Supplementary Instractional Materials In teaching English and American Literature. This Was conducted during The School year 2013-2014 at San jose National High School and University Of Rizal System Both Located at Rodriguez, Rizal.
650 ## - SUBJECT ADDED ENTRY--TOPICAL TERM
Source of heading or term develop, validate and determine the level of acceptability of Modules on Robert Frost's Works
942 ## - ADDED ENTRY ELEMENTS (KOHA)
Source of classification or shelving scheme Library of Congress Classification
Koha item type Theses and dissertations
Holdings
Withdrawn status Source of classification or shelving scheme Damaged status Not for loan Home library Current library Shelving location Date acquired Total Checkouts Full call number Barcode Date last seen Price effective from Koha item type Source of acquisition Copy number
  Library of Congress Classification   Not For Loan Rodriguez College Library Rodriguez College Library Undergraduate Theses 03/18/2025   LG 221.R59.B4767 2013 URSROD-UGT-ENG-1340 03/18/2025 03/18/2025 Theses and dissertations Donation/Library fund C2
  Library of Congress Classification     Rodriguez College Library Rodriguez Graduate Library Reference 02/27/2020   LG 221.R59.B4767 2013 URSROD-UGT-0163 02/27/2020 02/27/2020 Theses and dissertations    

University of Rizal System
Email us at univlibservices@urs.edu.ph

Visit our Website www.urs.edu.ph/library